Linear algebra: what you need to know

Gespeichert in:
Bibliographische Detailangaben
1. Verfasser: WOERDEMAN, Hugo J.
Format: Buch
Sprache:Englisch
Veröffentlicht: CRC Press 2021
Tags: Tag hinzufügen
Keine Tags, Fügen Sie den ersten Tag hinzu!

MARC

LEADER 00000nam a22000007a 4500
008 240610b |||||||| |||| 00| 0 eng d
020 |a 9780367684730 
100 |a WOERDEMAN, Hugo J. 
245 |a Linear algebra: what you need to know   |c Hugo J. Woerdeman  |g xxii, 261p. ill 
260 |b CRC Press  |c 2021  |h Boca Raton, Florida  |i 702192  |i 702193  |l QA251.W82  |m Algebras, linear 
500 |a It includes index 
942 |a lcc  |c BK  |e Adeyemo O.O  |f 10/06/2024  
952 |0 0  |1 0  |2 lcc  |4 0  |6 QA0251 W82  |7 0  |9 5273  |a SL  |b HOL  |c QZ  |d 2024-06-10  |l 0  |o QA251.W82  |p 2024-0516  |r 2024-06-10 00:00:00  |t 702192  |w 2024-06-10  |y BK 
952 |0 0  |1 0  |2 lcc  |4 0  |6 QA0251 W82  |7 0  |9 5274  |a HOL  |b HOL  |c QZ  |d 2024-06-10  |l 0  |o QA251.W82  |p 2024-0517  |r 2024-06-10 00:00:00  |t 702193  |w 2024-06-10  |y BK 
999 |c 2613  |d 2613